| 000 | 00478nam a2200169Ia 4500 | ||
|---|---|---|---|
| 003 | LK-CoDNM | ||
| 008 | 010623t2008 xxu||||| |||| 00| 1 eng d | ||
| 040 |
_aLK-CoDNM _dLK-CoDNM _eLK-CoDNM |
||
| 041 | _aeng | ||
| 080 | _a902 DES | ||
| 100 |
_aSomadeva,Raj _eed. |
||
| 245 | _aThe Galpaya Survey : Report of the first field season 2006 | ||
| 260 |
_bPostgraduate Institute of Archaeology _aColombo _c2008 |
||
| 300 | _b155p, 30 cm | ||
| 700 | _aDe Silva , Nimal | ||
| 942 | _cBK | ||
| 999 |
_c127436 _d127436 |
||